Statistics for Is it a Real Place

Click here to take the quiz!

General Stats

  • This quiz has been taken 17 times
  • The average score is 10 of 15

Answer Stats

QuestionAnswer% Correct
NarniaNot
94%
CamelotNot
94%
The North PoleReal
94%
The ShireNot
88%
Mount OlympusReal
88%
TimbuctooReal
88%
Loch NessReal
88%
Wakanda, AfricaNot
76%
Emerald CityNot
76%
Sherwood ForestReal
76%
TroyReal
71%
The Pillars of HerculesReal
59%
Bottomless Pit National Park, ChinaNot
29%
Small City, New HampshireNot
12%
The Fountain of YouthReal
6%

Score Distribution

Percentile by Number Answered

Percent of People with Each Score

Your Score History

You have not taken this quiz